Inovatívne financovanie malých a stredných podnikov

Významná úloha malých a stredných podnikov v krajinách EÚ pre rast krajiny. Inovatívne formy financovania malých a stredných podnikov formou fondov EÚ. Situácia rizikového kapitálu a business angels v EÚ. Finančné nástroje politiky súdržnosti v rokoch 2014 až 2020 v Slovenskej republike.

Salvato in:
Dettagli Bibliografici
Autore principale: Musa, Hussam
Altri autori: Krištofík, Peter, Stroková, Zuzana
Natura: Capitolo di libro
Lingua:slovacco
Soggetti:
Tags: Aggiungi Tag
Nessun Tag, puoi essere il primo ad aggiungerne!!

MARC

LEADER 00000naa a2200000 4500
001 0209276
005 20221019174824.8
041 0 |a slo 
044 |a SK 
245 1 0 |a Inovatívne financovanie malých a stredných podnikov  |c Hussam Musa, Zuzana Stroková 
520 |a Významná úloha malých a stredných podnikov v krajinách EÚ pre rast krajiny. Inovatívne formy financovania malých a stredných podnikov formou fondov EÚ. Situácia rizikového kapitálu a business angels v EÚ. Finančné nástroje politiky súdržnosti v rokoch 2014 až 2020 v Slovenskej republike. 
610 2 0 |a Slovensko 
610 2 0 |a podnik malý 
610 2 0 |a podnik stredný 
610 2 0 |a financovanie podnikov 
610 2 0 |a formy financovania 
610 2 0 |a fondy finančné 
610 2 0 |a nástroje finančné 
610 2 0 |a kapitál 
100 1 |a Musa, Hussam 
700 1 |a Krištofík, Peter 
700 1 |a Stroková, Zuzana